000 03051cam a2200409 a 4500
005 20240211185741.0
008 060315s2006 nyua b 001 0 eng
010 _a 2006008061
015 _aGBA649968
_2bnb
016 7 _a013476126
_2Uk
020 _a078902957X (alk. paper)
020 _a0789029588 (pbk. : alk. paper)
020 _a9780789029577 (alk. paper)
020 _a9780789029584 (pbk. : alk. paper)
035 _a(OCoLC)ocm64896118
040 _aDLC
_cDLC
_dBAKER
_dUKM
_dC#P
_dYDXCP
_dOCLCQ
_dIXA
_dBTCTA
_dDLC
043 _an-us---
050 0 0 _aZ675.U5
_bI598 2006
050 0 0 _aZ675.U5
_bI598 2006
082 0 0 _a025.52777
_222
092 0 4 _a025.52777
_bI61985
_221
099 _a04
_a025.52777 I61985
245 0 3 _aAn introduction to reference services in academic libraries /
_cElizabeth Connor, editor.
260 _aNew York :
_bHaworth Information Press,
_cc2006.
300 _axxii, 194 p. :
_bill. ;
_c22 cm.
440 0 _aHaworth series in introductory information science textbooks
504 _aIncludes bibliographical references and index.
505 0 _aDevelopment, implementation, and assessment of a virtual information literacy tutorial on an urban campus / Valeda Frances Dent -- Reference triage at the Medical University of Ohio : just-in-case to just-in-time at the Mulford Library / Marlene A. Porter, Jolene M. Miller -- Marketing library services to young male faculty / Mary Mee -- Relational reference : a challenge to the reference fortress / John E. Holberg -- Virtual reference : answering patrons' questions electronically / Christopher Nelson Cox -- What they don't teach you in library school : experience is the real teacher / Tammy S. Guerrero -- Occasional occurrences at Owl Creek University / Debra Cox Rollins, Rusty Gaspard -- Uninvited change : the Governors State University Library's evolving reference and technology desk / Paul Blobaum -- Common queries / Marilyn Schoot-Castle -- Models for measuring and evaluating reference costs / Matthew R. Marsteller, Susan Ware -- Customer survey / Miron Stenche -- The diverse librarian / Paula M. Smith -- Academic librarian as the Rodney Dangerfield of university faculty : "I get no respect" / Tammy S. Guerrero -- The teaching portfolio : explaining what we do so well / Mark L. McCallon -- The glass of fashion : librarianship for the twenty-first century / Susan Swords Steffen, Michael J. Bell -- Frames of reference : considering the meaning of reference--its origins, present, and future / Linda Loos Scarth -- Serving unusual patrons in the library / James Langan -- The academic librarian / Paula M. Smith.
650 0 _aAcademic libraries
_xReference services.
650 0 _aAcademic libraries
_xReference services
_zUnited States
_vCase studies.
650 0 _aReference services (Libraries)
_vProblems, exercises, etc.
700 1 _aConnor, Elizabeth,
_cMLS.
856 4 1 _3Table of contents
_uhttp://www.loc.gov/catdir/toc/ecip0610/2006008061.html
905 _aEman
_eRev.
905 _aIbrahim
_eCat.
942 _2ddc
_cBK
999 _c109504
_d109504